00529nam a2200193 a 4500001001300000003000900013005001700022008004100039020001000080082001700090100002000107245005500127260004000182300000800222500003500230505002000265650003000285700002000315nice12345678IN_TiNIC20260116011413.0050524s1918 chea grp 000 0 eng  ac10000a201.016bHOW aHowells, George aSurveyb Reports of Christian Literature in India. aChennai bLilly Soosai Opset c1918 a00p aincludes index and biblioraphy2 aQuranic Science aBibliography-Christianity1 aHowells, George